LEADER 01623nam a2200301 i 4500 001 000000353016 003 CaOOAMICUS 005 20230303094951.0 008 230303s2022 it m u000 u ita u 020 $a978-88-7105-497-1 040 $aSeMil$bita 100 1 $aCarra, Zeno,$d<1986- >.$0(OLS)http://semarc/name/93191 245 10$aVeritas de terra orta est :$bfondamenti di gnoseologia teologica nell'Adversus haereses di Ireneo di Lione /$cZeno Carra ; prefazione [di] Patricio De Navascués Benlloch. 264 1$aRoma :$bPontificio Seminario Lombardo ;$aMilano :$bGlossa,$c2022. 300 $aXVI, 1005 p. ;$c24 cm 490 1 $aDissertatio. Series Romana ;$v67 600 04$aIreneo : di Lione .$0(OLS)http://semarc/subject/6422 650 4$aGnoseologia teologica.$0(OLS)http://semarc/subject/9414 650 04$aIreneo : di Lione . Contra haereses.$0(OLS)http://semarc/subject/3449 700 1 $aNavascués Benlloch, Patricio : de.$0(OLS)http://semarc/name/117189 830 0$aDissertatio. Series Romana ;$v67.$0(OLS)http://semarc/title/252 850 $aSeMil 852 $aSeMil$W1$xVenegono$y1$m2KA H 67$j238034$B244245$CSeMilBibl$Z2$F244245 $81 996 $6020$a978-88-7105-497-1$9(OLS)http://semarc/number/297713 996 $6245$aVeritas de terra orta est :$bfondamenti di gnoseologia teologica nell'Adversus haereses di Ireneo di Lione$9(OLS)http://semarc/title/442993 996 $6264$aRoma :$bPontificio Seminario Lombardo$9(OLS)http://semarc/publisher/29707 996 $6264$aMilano :$bGlossa$9(OLS)http://semarc/publisher/29635 LEADER 00826nam a2200193 i 4500 001 000000195612 003 CaOOAMICUS 005 20150604000000.0 008 150604s1762 it u000 u fre u 013 $a174290 026 $alar- sto- 2.n- (aqu (3) 1762 (R) 040 $aSeMil$bita 245 10$aTome 1. 300 $axxxix, [1], 423, [1] p. 500 $aSegn. : a-b8 c4 A-2C8 2D4. 773 0 $aThiébault, Martin-François <1749-1795>$tHomélies sur les Évangiles de tous les Dimanches et principales fêtes de l'année. Par M. Thiébaud ... Tome 1. [-4.].$dA Metz : Chez Joseph Collignon, imprimeur du Roi & de l'Evêché, à la Bible d'Or, 1762.$g1$w()31982 850 $aSeMil 852 $aSeMil$W1$xVenegono$y1$m3F II 85 FA$j146181$B146181$CSeMilBibl$Z2$F157676 $8I 996 $6245$aTome 1$9(OLS)http://semarc/title/1447